000 01130nam a22001937a 4500
005 20250902125856.0
010 _aB-773880-891 25BACHN25
020 _a9789392985973
_c595.00
035 _aB-773880-891
037 _bमानसी प्रकाशन
082 _a
100 _aरांगेय राघव
_984479
245 _aविषाद मठ /
_cरांगेय राघव
260 _aनई दिल्ली
_bमानसी प्रकाशन
_c2023
270 _a4760-61, दि्वतीय तल, 23, अंसारी रोड, दरियागंज,
_bनई दिल्ली
_e-110002
300 _a192पृ.
_c22सेमी(सजिल्द)
942 _2ddc
_cHN
_mरांगेय
_h
999 _c209977
_d209977